Aves hermosas (Registro nro. 65305)
[ vista simple ]
| 000 -LÍDER | |
|---|---|
| Campo fijo de descripción fija | 01250nam a2200277 i 4500 |
| 001 - NÚMERO DE CONTROL | |
| Campo de control | BINCO |
| 003 - IDENTIFICADOR DEL NÚMERO DE CONTROL | |
| Campo de control | CO-MdBIC |
| 005 - FECHA Y HORA DE LA ULTIMA TRANSACCIÓN | |
| control field | 20220423132542.0 |
| 008 - ELEMENTOS DE LONGITUD FIJA -- INFORMACIÓN GENERAL | |
| Campo fijo de descripción fija -- Información general | 070305s2007 ck a jr 00010 spa d |
| 020 ## - NÚMERO INTERNACIONAL NORMALIZADO PARA LIBROS | |
| Número Internacional Normalizado del libro | 9789583025389 |
| 040 ## - FUENTE DE CATALOGACIÓN | |
| Agencia de catalogación original | CO-MdBIC |
| Idioma de catalogación | spa |
| Agencia que realiza la transcripción | CO-MdBIC |
| Agencia que realiza la modificación | CO-MdBIC |
| 041 ## - CÓDIGO DE IDIOMA | |
| Código de idioma para texto/pista de sonido o título separado | spa |
| 082 ## - NÚMERO DE CLASIFICACIÓN DECIMAL DEWEY | |
| Número de clasificación | 598 |
| Clave de autor-Numero de item | D255 |
| Número de la edición del Dewey | 22 |
| 100 1# - ASIENTO PRINCIPAL--NOMBRE PERSONAL | |
| Nombre personal | Davies, Valerie. |
| 245 ## - TÍTULO | |
| Título del Material | Aves hermosas |
| Mención de responsabilidad, etc. | / Valerie Davies, escritora |
| 260 1# - PUBLICACIÓN, DISTRIBUCIÓN, ETC. (PIE DE IMPRENTA) | |
| Lugar de publicación, distribución, etc. | Bogotá, Colombia : |
| Nombre del editor, distribuidor, etc. | Panamericana, |
| Fecha de publicación, distribución, etc. | [2007] |
| 260 4# - PUBLICACIÓN, DISTRIBUCIÓN, ETC. (PIE DE IMPRENTA) | |
| Lugar de publicación, distribución, etc. | © 2007 |
| 300 ## - DESCRIPCIÓN FÍSICA | |
| Extensión | 40 páginas; |
| Otros detalles físicos | ilustraciones a color: |
| Dimensiones | 23 cm. |
| 500 ## - NOTA GENERAL | |
| Nota General | ¿Sabias que el corazón de un colibrí late 1.200 veces por minuto? Realiza un fascinante recorrido detrás de escena y descubre 30 maravillosas aves en su hábitat, y observa como las plumas, alas y picos puntiagudos les permiten desenvolverse en su medio ambiente. Increíbles y detalladas ilustraciones e información recopilada por una experta en vida salvaje te permitirán acercarte al reino animal de un modo diferente. |
| 505 ## - NOTA DE CONTENIDO | |
| Título | |
| -- | |
| -- | |
| 650 #4 - ASIENTO SECUNDARIO DE MATERIA - TERMINO TEMÁTICO | |
| Término temático o nombre geográfico como elemento de entrada | Aves |
| Subdivisión de forma | Literatura juvenil. |
| 650 ## - ASIENTO SECUNDARIO DE MATERIA - TERMINO TEMÁTICO | |
| Término temático o nombre geográfico como elemento de entrada | Aves |
| Subdivisión general | Hábitos y conducta |
| Subdivisión de forma | Literatura juvenil. |
| 700 ## - ASIENTO SECUNDARIO - NOMBRE PERSONAL | |
| Nombre personal | Hernández, María Lucía, |
| Responsabilidad | traductor |
| 700 ## - ASIENTO SECUNDARIO - NOMBRE PERSONAL | |
| Nombre personal | Dyke, Rob, |
| Responsabilidad | ilustrador |
| 942 ## - TIPO DE MATERIAL (KOHA) | |
| Tipo de Item KOHA | Z- Libro General BINCO |
| Estado de Material | Estado de Perdido | Forma de Clasificación | Estado de Dañado | No para Préstamo | Biblioteca de Origen | Biblioteca Permanente | Fecha de Adquisición | Total de Préstamos | Signatura Topográfica | Código de Barras | Última vez visto | Ejemplar/Existencia | Fecha de Remplazo | Tipo de Material |
|---|---|---|---|---|---|---|---|---|---|---|---|---|---|---|
| Dewey Decimal Classification | Biblioteca Infantil Comunitaria BINCO | Biblioteca Infantil Comunitaria BINCO | 23/04/2022 | 598 D255 | B32793 | 23/04/2022 | ej.1 | 23/04/2022 | Z- Libro General BINCO |
